Every Country with a Territorial Dispute - Statistics

General Stats
  • This quiz has been taken 8 times
  • The average score is 97 of 120
Answer Stats
Answer % Correct
Afghanistan
100%
Argentina
100%
Armenia
100%
Azerbaijan
100%
Bolivia
100%
Bosnia and Herzegovina
100%
Chile
100%
Cyprus
100%
Denmark
100%
Egypt
100%
France
100%
Georgia
100%
Greece
100%
India
100%
Indonesia
100%
Iran
100%
Ireland
100%
Kosovo
100%
North Korea
100%
Pakistan
100%
Peru
100%
Philippines
100%
Russia
100%
South Korea
100%
Spain
100%
Sudan
100%
Taiwan
100%
Ukraine
100%
United Kingdom
100%
United States
100%
Austria
88%
Bahrain
88%
Brunei
88%
Cameroon
88%
Canada
88%
Colombia
88%
Croatia
88%
Cuba
88%
Dominican Republic
88%
Guatemala
88%
Guyana
88%
Haiti
88%
Iceland
88%
Italy
88%
Japan
88%
Kazakhstan
88%
Kyrgyzstan
88%
Malaysia
88%
Myanmar
88%
Nigeria
88%
Serbia
88%
South Africa
88%
St Kitts and Nevis
88%
Syria
88%
Thailand
88%
Turkey
88%
Uzbekistan
88%
Venezuela
88%
Barbados
75%
Brazil
75%
Comoros
75%
Congo
75%
Dominica
75%
El Salvador
75%
Equatorial Guinea
75%
Estonia
75%
Ethiopia
75%
Germany
75%
Honduras
75%
Israel
75%
Ivory Coast
75%
Kenya
75%
Laos
75%
Lebanon
75%
Madagascar
75%
Mongolia
75%
Montenegro
75%
Morocco
75%
Namibia
75%
Nepal
75%
New Zealand
75%
Portugal
75%
Qatar
75%
Saudi Arabia
75%
Singapore
75%
Slovenia
75%
South Sudan
75%
St Lucia
75%
St Vincent and the Grenadines
75%
Suriname
75%
Tajikistan
75%
Tanzania
75%
Timor Leste
75%
Turkmenistan
75%
United Arab Emirates
75%
Uruguay
75%
Zambia
75%
Algeria
63%
Belize
63%
Benin
63%
Bhutan
63%
Cambodia
63%
Eswatini
63%
Guinea
63%
Mauritius
63%
Netherlands
63%
Rwanda
63%
Somalia
63%
Switzerland
63%
Tonga
63%
Uganda
63%
Zimbabwe
63%
Burkina Faso
50%
Burundi
50%
Fiji
50%
Malawi
50%
Maldives
50%
Marshall Islands
50%
Vanuatu
50%
DRC
25%
No matching quizzes found
Score Distribution
Percent of People with Each Score
Percentile by Number Answered
Your Score History
You have not taken this quiz